书目信息 |
| 题名: |
平均的终结
|
|
| 作者: | 罗斯 著 ;梁本彬 , 张秘 译 | |
| 分册: | ||
| 出版信息: | 北京 中信出版集团股份有限公司 2017 |
|
| 页数: | 25,215页 | |
| 开本: | 21cm | |
| 丛书名: | ||
| 单 册: | ||
| 中图分类: | F240 | |
| 科图分类: | ||
| 主题词: | 人力资源开发 | |
| 电子资源: | ||
| ISBN: | 978-7-5086-7147-5 | |
| 000 | 01106nam0 2200265 450 | |
| 001 | 012001002984 | |
| 005 | 20140926114739.0 | |
| 010 | @a978-7-5086-7147-5@b精装@dCNY45.00 | |
| 100 | @a20170802d2017 em y0chiy50 ea | |
| 101 | 1 | @achi@ceng |
| 102 | @aCN@b110000 | |
| 105 | @aa z 000yy | |
| 106 | @ar | |
| 200 | 1 | @a平均的终结@9ping jun de zhong jie@e如何在崇尚标准化的世界中胜出@dThe end of average@ehow we succeed in a world that values sameness@f(美)托德·罗斯(Todd Rose)著@g梁本彬,张秘译@zeng |
| 210 | @a北京@c中信出版集团股份有限公司@d2017 | |
| 215 | @a25,215页@c图@d21cm | |
| 330 | @a本书作者结合个人成长的经历,采访、搜集了大量生动真实有说服力的案例,介绍了平均标准主义是如何诞生的,又是如何深刻影响了社会的进程和人们的生活,有力地论证了这一思想带来的危害。 | |
| 510 | 1 | @aEnd of average@ehow we succeed in a world that values sameness@zeng |
| 606 | 0 | @a人力资源开发 |
| 690 | @aF240@v5 | |
| 701 | 0 | @c(美)@a罗斯@9luo si@c(Rose, Todd)@4著 |
| 702 | 0 | @a梁本彬@9liang ben bin@4译 |
| 702 | 0 | @a张秘@9zhang mi@4译 |
| 801 | 0 | @aCN@b上海新华@c20180901 |
| 905 | @b1153813-7@dF240@e146@f5 | |
| 平均的终结:如何在崇尚标准化的世界中胜出=The end of average:how we succeed in a world that values sameness/(美)托德·罗斯(Todd Rose)著/梁本彬,张秘译.-北京:中信出版集团股份有限公司,2017 |
| 25,215页:图;21cm |
| ISBN 978-7-5086-7147-5(精装):CNY45.00 |
| 本书作者结合个人成长的经历,采访、搜集了大量生动真实有说服力的案例,介绍了平均标准主义是如何诞生的,又是如何深刻影响了社会的进程和人们的生活,有力地论证了这一思想带来的危害。 |
| ● |
| 相关链接 |
|
|
|
|
正题名:平均的终结
索取号:F240/146
 
预约/预借
| 序号 | 登录号 | 条形码 | 馆藏地/架位号 | 状态 | 备注 |
| 1 | 1153813 | 211538139 | 第一样本阅览室/ [索取号:F240/146] | 在馆 | |
| 2 | 1153814 | 211538148 | 第一借阅区/ [索取号:F240/146] | 在馆 | |
| 3 | 1153815 | 211538157 | 第一借阅区/ [索取号:F240/146] | 在馆 | |
| 4 | 1153816 | 211538166 | 第一借阅区/ [索取号:F240/146] | 在馆 | |
| 5 | 1153817 | 211538175 | 密集书库-海洋学院/ [索取号:F240/146] | 在馆 |